Statistics for İzmir Adnan Menderes Airport Destinations (İzmir, Turkey)

Click here to take the quiz!

General Stats

  • This quiz has been taken 24 times
  • The average score is 63 of 100

Answer Stats

AirlineDestination% Correct
Pegasus Airlines/Turkish AirlinesIstanbul
100%
AnadoluJet/Pegasus AirlinesIstanbul (Sabiha Gokcen)
100%
SunExpressAntalya
95%
Corendon Airlines/Pegasus Airlines/SunExpressBerlin
95%
Pegasus AirlinesMoscow (Domodedovo)
95%
Nordwind AirlinesMoscow (Sheremetyevo)
95%
I-FlyMoscow (Vnukovo)
95%
Pegasus AirlinesMus
95%
AnadoluJet/Pegasus AirlinesAnkara
91%
Azerbaijan Airlines/Pegasus AirlinesBaku
91%
easyJet/SunExpress/TUI AirwaysLondon (Gatwick)
91%
easyJet/SunExpressLondon (Luton)
91%
Jet2.com/Pegasus Airlines/SunExpressLondon (Stansted)
91%
Corendon Airlines/SunExpress/TUI fly NetherlandsAmsterdam
86%
Air SerbiaBelgrade
86%
SunExpressBudapest
86%
SunExpressOslo
86%
Corendon Airlines/SunExpressParis (Charles de Gaulle)
86%
TransaviaParis (Orly)
86%
Pegasus Airlines/SunExpressAdana
82%
Aegean Airlines/SunExpressAthens
82%
Corendon Airlines/Freebird Airlines/SunExpress/TUI fly BelgiumBrussels
82%
SunExpressGaziantep
82%
Corendon Airlines/Pegasus Airlines/SunExpressHamburg
82%
Jet2.com/SunExpress/TUI AirwaysManchester
82%
Corendon Airlines/Pegasus Airlines/SunExpress/Turkish AirlinesMunich
82%
Pegasus Airlines/SunExpressTrabzon
82%
Corendon Airlines/Pegasus Airlines/SunExpressVienna
82%
Enter Air/LOT Polish Airlines/SmartwingsWarsaw (Chopin)
82%
Corendon Airlines/Eurowings/Pegasus Airlines/SunExpressCologne/Bonn
77%
flydubai/SunExpressDubai (International)
77%
SunExpressCopenhagen
73%
Aer Lingus/SunExpressDublin
73%
Corendon Airlines/Eurowings/Pegasus Airlines/SunExpressDusseldorf
73%
Jet2.com/SunExpressEdinburgh
73%
Corendon Airlines/Pegasus Airlines/SunExpress/Turkish AirlinesFrankfurt
73%
SunExpressHelsinki
73%
Pegasus Airlines/Saudia/Turkish AirlinesJeddah
73%
SunExpressMilan (Malpensa)
73%
BelaviaMinsk
73%
flyadeal/SaudiaRiyadh
73%
SunExpressSaint Petersburg
73%
SunExpressStockholm (Arlanda)
73%
SunExpressZurich
73%
Pegasus Airlines/SunExpressBasel/Mulhouse
68%
Jet2.com/SunExpress/TUI AirwaysBirmingham
68%
Jet2.comBristol
68%
SunExpressGeneva
68%
Jet2.comGlasgow
68%
SunExpressKonya
68%
SunExpressLyon
68%
SmartwingsPrague
68%
Pegasus Airlines/SunExpressSamsun
68%
Corendon Airlines/Eurowings/Pegasus Airlines/SunExpress/Turkish AirlinesStuttgart
68%
Pegasus Airlines/SunExpressTel Aviv
68%
SunExpressBarcelona
64%
Corendon Airlines/SunExpressHannover
64%
Enter Air/LOT Polish Airlines/Ryanair/SmartwingsKatowice
64%
Pegasus Airlines/SunExpressKayseri
64%
easyJetLiverpool
64%
LuxairLuxembourg
64%
Freebird Airlines/Turkish AirlinesMedina
64%
Corendon Airlines/Pegasus Airlines/SunExpressNuremberg
64%
GetJet AirlinesVilnius
64%
Pegasus AirlinesAmman (Queen Alia)
59%
SunExpressBremen
59%
Jet2.comLeeds/Bradford
59%
Pegasus Airlines/SunExpressTbilisi
59%
AnadoluJet/ATA Airlines/Iran Air/Iran Airtour/Iran Aseman Airlines/Qeshm AirTehran (Imam Khomeini)
59%
SunExpressBeirut
55%
FlyOneChisinau
55%
Enter AirGdansk
55%
Jet2.comNewcastle upon Tyne
55%
SunExpressBodrum
50%
SunExpressMarseille
50%
SunExpressVan
50%
Pegasus AirlinesBatman
45%
SunExpressDortmund
45%
SunExpressEindhoven
45%
Enter Air/SmartwingsPoznan
45%
Pegasus Airlines/SunExpressSkopje
45%
SunExpressDiyarbakir
36%
Jet2.comEast Midlands
36%
SunExpressErzurum
36%
Pegasus Airlines/SunExpressHatay
32%
SunExpressNantes
32%
TUI BelgiumOstend/Bruges
32%
AnadoluJet/Iran AirtourTabriz
32%
SunExpressKars
27%
SunExpressMalatya
27%
AnadoluJet/Pegasus AirlinesSanliurfa
27%
Pegasus AirlinesSivas
27%
Pegasus AirlinesErcan
23%
AnadoluJet/Pegasus AirlinesOrdu (Giresun)
23%
Pegasus AirlinesElazig
14%
SunExpressIgdir
14%
Pegasus Airlines/SunExpressMardin
14%
SunExpressPlovdiv
14%
SunExpressSaarbrucken
9%
Pegasus AirlinesErzincan
5%

Score Distribution

Percentile by Number Answered

Percent of People with Each Score

Your Score History

You have not taken this quiz